[Event "Regionalliga SO 1112"]
[Site "Bayern"]
[Date "2012.04.15"]
[Round "9.4"]
[White "Wahrlich, Andreas"]
[Black "Kranewitter, Norbert"]
[Result "1/2-1/2"]
[WhiteElo "2036"]
[BlackElo "2079"]
[PlyCount "24"]
[EventDate "2011.10.02"]
[EventType "team-tourn"]
[EventRounds "9"]
[EventCountry "GER"]
[SourceTitle "EXT 2015"]
[Source "ChessBase"]
[SourceDate "2014.11.20"]
[SourceVersion "1"]
[SourceVersionDate "2014.11.20"]
[SourceQuality "1"]
[WhiteTeam "Waldkraiburg"]
[BlackTeam "Pang/Rosenheim II"]
[WhiteTeamCountry "GER"]
[BlackTeamCountry "GER"]

1. d4 d5 2. Nf3 Nf6 3. c4 c6 4. e3 Bg4 5. Nc3 e6 6. b3 Ne4 7. Bd2 f5 8. Be2 Bd6 9. Nxe4 fxe4 10. Ne5 Bxe2 11. Qxe2 0-0 12. f4 exf3 1/2-1/2

[Event "Regionalliga SO 1112"]
[Site "Bayern"]
[Date "2012.03.18"]
[Round "8.5"]
[White "Wuerdinger, Alexander"]
[Black "Kranewitter, Norbert"]
[Result "1-0"]
[WhiteElo "2105"]
[BlackElo "2079"]
[PlyCount "73"]
[EventDate "2011.10.02"]
[EventType "team-tourn"]
[EventRounds "9"]
[EventCountry "GER"]
[SourceTitle "EXT 2015"]
[Source "ChessBase"]
[SourceDate "2014.11.20"]
[SourceVersion "1"]
[SourceVersionDate "2014.11.20"]
[SourceQuality "1"]
[WhiteTeam "Graefelfing"]
[BlackTeam "Pang/Rosenheim II"]
[WhiteTeamCountry "GER"]
[BlackTeamCountry "GER"]

1. c4 e5 2. Nc3 Nf6 3. e3 Nc6 4. Nge2 Be7 5. f4 d6 6. g3 Be6 7. d3 Qd7 8. h3 h5 9. Bg2 a6 10. Nd5 Rb8 11. a4 b5 12. axb5 axb5 13. Nec3 bxc4 14. dxc4 g6 15. Qf3 Bxd5 16. cxd5 Nb4 17. 0-0 0-0 18. e4 Nc2 19. Ra6 Qc8 20. fxe5 Qxa6 21. exf6 Bd8 22. Qf4 Qb6+ 23. Rf2 Qd4 24. Bf1 Nb4 25. g4 c6 26. Be3 Qe5 27. Qf3 hxg4 28. hxg4 Re8 29. g5 cxd5 30. Qh3 Re6 31. Rh2 Bxf6 32. gxf6 Qxf6 33. Qh7+ Kf8 34. Qh8+ Qxh8 35. Rxh8+ Kg7 36. Bd4+ f6 37. Rxb8 1-0